Takwim istilah (Hijrah-Masihi) 1401-1500H/1980-2077H

Bibliographic Details
Main Author: Muhammad Khair Md Taib (Author)
Format: Book
Published: Kuala Lumpur : Jabatan Perdana Menteri (Bahagian Ugama) , 1981
Subjects:

MARC

LEADER 00000cam a2200000 7i4500
001 0000006122
005 20190217093000.0
008 021119s1981
090 0 0 |a CE59   |b .M54 
100 0 |a Muhammad Khair Md Taib ,   |e author 
245 0 0 |a Takwim istilah (Hijrah-Masihi) 1401-1500H/1980-2077H   |c Mohd. Khair Haji Mohd. Taib 
260 2 |a Kuala Lumpur :   |b Jabatan Perdana Menteri (Bahagian Ugama) ,   |c 1981 
300 |a 106 ms. ;   |c 27 sm. 
650 0 |a Calendar, Islamic 
999 |a 1000059138   |b Book   |c Reference   |e Gong Badak Campus